[Event "MNT-chT 1st League"]
[Site "Podgorica"]
[Date "2018.09.30"]
[Round "6.2"]
[White "Ivanovic, Vojislav"]
[Black "Minic, Milan"]
[Result "0-1"]
[WhiteElo "2041"]
[BlackElo "2091"]
[PlyCount "54"]
[EventDate "2018.09.07"]
[EventType "team-tourn"]
[EventRounds "9"]
[EventCountry "MNE"]
[SourceTitle "CBM 187 Extra"]
[Source "ChessBase"]
[SourceDate "2018.11.04"]
[SourceVersion "1"]
[SourceVersionDate "2018.11.04"]
[SourceQuality "1"]
[WhiteTeam "Gambit"]
[BlackTeam "Prosvjeta"]
[WhiteTeamCountry "MNE"]
[BlackTeamCountry "MNE"]

1. e4 e6 2. d4 d5 3. Nd2 dxe4 4. Nxe4 a6 5. Nf3 Nd7 6. Bd3 b5 7. Qe2 Bb7 8. 0-0 Ngf6 9. Bg5 Be7 10. Rfe1 0-0 11. Ng3 Re8 12. c3 c5 13. Rad1 cxd4 14. Nxd4 Qc7 15. f3 Bd6 16. Nf1 Bc5 17. Be3 Nd5 18. Qc2 N7f6 19. Bf2 Rac8 20. Qd2 b4 21. c4 Nf4 22. Bb1 Rcd8 23. Qc2 e5 24. Nb3 Bxf2+ 25. Kxf2 Rxd1 26. Rxd1 e4 27. Re1 Nd3+ 0-1

[Event "Bar op"]
[Site "Bar"]
[Date "2007.03.30"]
[Round "1"]
[White "Minic, Milan"]
[Black "Perunovic, Milos"]
[Result "0-1"]
[WhiteElo "2164"]
[BlackElo "2547"]
[PlyCount "76"]
[EventDate "2007.03.30"]
[EventType "swiss"]
[EventRounds "9"]
[EventCountry "YUG"]
[SourceTitle "CBM 117 Extra"]
[Source "ChessBase"]
[SourceDate "2007.05.09"]
[SourceVersion "1"]
[SourceVersionDate "2007.05.09"]
[SourceQuality "1"]

1. d4 Nf6 2. c4 e6 3. Nf3 d5 4. Nc3 dxc4 5. e3 a6 6. Bxc4 b5 7. Bd3 Bb7 8. 0-0 Nbd7 9. Qe2 c5 10. Rd1 Qb8 11. a3 Bd6 12. h3 0-0 13. e4 cxd4 14. Nxd4 Ne5 15. Bc2 Ng6 16. Bg5 Bh2+ 17. Kh1 Bf4 18. Bxf6 gxf6 19. Qg4 Kh8 20. h4 Rg8 21. Nde2 Be5 22. Qh3 Qc7 23. h5 Nf4 24. Nxf4 Bxf4 25. Qd3 Rg5 26. Qd7 Rxh5+ 27. Kg1 Bc6 28. Qxc7 Bxc7 29. Rd3 f5 30. Re1 Rg8 31. Bd1 fxe4 32. Nxe4 Re5 33. Rde3 Bb6 34. R3e2 f5 35. Ng3 Rxe2 36. Rxe2 Rxg3 37. Rxe6 Rxg2+ 38. Kf1 Rg6 0-1